[Event "Oslo Esports Cup 2022"]
[Site "Oslo NOR"]
[Date "2022.04.23"]
[Round "2.2"]
[White "Mamedyarov, Shakhriyar"]
[Black "Praggnanandhaa, R"]
[Result "1/2-1/2"]
[WhiteTitle "GM"]
[BlackTitle "GM"]
[WhiteElo "2771"]
[BlackElo "2624"]
[WhiteFideId "13401319"]
[BlackFideId "25059530"]
[EventDate "2022.04.22"]

1. d4 Nf6 2. c4 e6 3. Nf3 d5 4. Nc3 c5 5. cxd5 Nxd5 6. e4 Nxc3 7. bxc3 cxd4 8.
cxd4 Bb4+ 9. Bd2 Bxd2+ 10. Qxd2 O-O 11. Bc4 Nd7 12. O-O b6 13. Rfe1 Bb7 14. Rad1
Rc8 15. Bb3 Re8 16. d5 exd5 17. e5 Qc7 18. Qe3 h6 19. h3 Re7 20. Ba4 d4 21. Rxd4
Bxf3 22. Bxd7 Rxd7 23. Rxd7 Qxd7 24. Qxf3 Rc5 25. Rd1 Qc8 26. Qe4 Rc1 27. Rxc1
Qxc1+ 28. Kh2 Qd2 29. Qa8+ Kh7 30. Qe4+ g6 31. f4 Qxa2 32. f5 gxf5 33. Qxf5+ Kg8
34. Qg4+ Kf8 35. Qc8+ Kg7 36. Qg4+ Kf8 37. Qc8+ Ke7 38. Qc7+ Kf8 39. Qc8+ 1/2-1/2

[Event "Oslo Esports Cup 2022"]
[Site "Oslo NOR"]
[Date "2022.04.23"]
[Round "2.3"]
[White "Carlsen, Magnus"]
[Black "Le, Quang Liem"]
[Result "1-0"]
[WhiteTitle "GM"]
[BlackTitle "GM"]
[WhiteElo "2864"]
[BlackElo "2709"]
[WhiteFideId "1503014"]
[BlackFideId "12401137"]
[EventDate "2022.04.22"]

1. d4 Nf6 2. c4 e6 3. Nf3 d5 4. g3 Bb4+ 5. Bd2 a5 6. Bg2 O-O 7. a3 Be7 8. Qc2
Nbd7 9. Bf4 c6 10. O-O a4 11. Nc3 Qa5 12. e4 dxc4 13. Rad1 Re8 14. Rfe1 Nf8 15.
Ne5 Qa6 16. h4 Ng6 17. Nxg6 hxg6 18. Bg5 Bf8 19. e5 Nd5 20. Ne4 b5 21. h5 gxh5
22. Qe2 g6 23. g4 h4 24. Bxh4 b4 25. Qf3 bxa3 26. Nf6+ Nxf6 27. Bxf6 axb2 28.
Qh3 Bg7 29. Be4 Qb5 30. g5 Qb3 31. Qh4 Bb7 32. Kg2 c5 33. d5 exd5 34. Rh1 1-0

[Event "Oslo Esports Cup 2022"]
[Site "Oslo NOR"]
[Date "2022.04.23"]
[Round "2.3"]
[White "Praggnanandhaa, R"]
[Black "Mamedyarov, Shakhriyar"]
[Result "1-0"]
[WhiteTitle "GM"]
[BlackTitle "GM"]
[WhiteElo "2624"]
[BlackElo "2771"]
[WhiteFideId "25059530"]
[BlackFideId "13401319"]
[EventDate "2022.04.22"]

1. d4 d5 2. c4 c6 3. Nf3 Nf6 4. e3 Bg4 5. h3 Bh5 6. Nc3 e6 7. Qb3 Qb6 8. g4 Bg6
9. Ne5 Nbd7 10. Nxg6 hxg6 11. Bg2 g5 12. Qxb6 Nxb6 13. c5 Nbd7 14. b4 e5 15. O-O
Be7 16. b5 O-O 17. Rb1 Bd8 18. Ne2 Re8 19. Ba3 exd4 20. Nxd4 Ne5 21. bxc6 bxc6
22. Rb7 Be7 23. Rc1 Bf8 24. Bf1 Ne4 25. Rc2 g6 26. Kg2 Nf6 27. Ba6 Rab8 28. Rc7
Rb1 29. Nxc6 Nc4 30. Rxc4 dxc4 31. Bxc4 1-0

[Event "Oslo Esports Cup 2022"]
[Site "Oslo NOR"]
[Date "2022.04.23"]
[Round "2.3"]
[White "Hansen, Eric"]
[Black "Van Foreest, Jorden"]
[Result "1-0"]
[WhiteTitle "GM"]
[BlackTitle "GM"]
[WhiteElo "2606"]
[BlackElo "2714"]
[WhiteFideId "2606771"]
[BlackFideId "1039784"]
[EventDate "2022.04.22"]

1. e4 e5 2. Nf3 Nc6 3. Bb5 Nf6 4. d3 Bc5 5. Bxc6 dxc6 6. Nc3 Qe7 7. h3 h6 8. Be3
Bd6 9. O-O c5 10. Nd2 Be6 11. f4 exf4 12. Bxf4 Bxf4 13. Rxf4 O-O-O 14. b3 g5 15.
Rf2 g4 16. Qf1 Nh5 17. hxg4 Ng3 18. Qe1 h5 19. Rf3 h4 20. Qf2 Qg5 21. Re1 Qxg4
22. Qxc5 h3 23. Nb5 c6 24. Nxa7+ Kb8 25. Nxc6+ bxc6 26. Qe5+ Kb7 27. Rxg3 Qh4
28. Nf3 Qh6 29. Qg7 Qxg7 30. Rxg7 Rdg8 31. Rxg8 Rxg8 32. Re2 Bg4 33. Kh2 Rh8 34.
Rf2 hxg2+ 35. Kxg2 Kb6 36. Ne5 Be6 37. Nxf7 Ra8 38. Ne5 Rxa2 39. d4 1-0

[Event "Oslo Esports Cup 2022"]
[Site "Oslo NOR"]
[Date "2022.04.23"]
[Round "2.3"]
[White "Duda, Jan-Krzysztof"]
[Black "Giri, Anish"]
[Result "1/2-1/2"]
[WhiteTitle "GM"]
[BlackTitle "GM"]
[WhiteElo "2750"]
[BlackElo "2773"]
[WhiteFideId "1170546"]
[BlackFideId "24116068"]
[EventDate "2022.04.22"]

1. d4 Nf6 2. Nf3 g6 3. c4 Bg7 4. Nc3 d5 5. cxd5 Nxd5 6. e4 Nxc3 7. bxc3 c5 8.
Bb5+ Nc6 9. O-O O-O 10. Bxc6 bxc6 11. Qc2 cxd4 12. cxd4 Bg4 13. Ne5 Qxd4 14. Bb2
Qb6 15. Rab1 Bxe5 16. Bxe5 Qa5 17. Bc3 Qc5 18. Qb2 Qc4 19. Qa3 c5 20. Rfe1 Be6
21. Ba1 Rfd8 22. Qg3 f6 23. h4 Qd3 24. Qf4 Qd2 25. Qc7 Qd6 26. Qxd6 Rxd6 27. e5
fxe5 28. Bxe5 Ra6 29. Rb7 Re8 30. Rc1 Bd5 31. Rd7 Be6 32. Rb7 Bd5 33. Rc7 Bxa2
34. R1xc5 Ra4 35. Bg3 Kf7 36. Re5 Be6 37. Rc6 Bd7 38. Rc7 Be6 39. Rc6 Bd7 40.
Rc7 Be6 1/2-1/2

[Event "Oslo Esports Cup 2022"]
[Site "Oslo NOR"]
[Date "2022.04.23"]
[Round "2.4"]
[White "Le, Quang Liem"]
[Black "Carlsen, Magnus"]
[Result "1-0"]
[WhiteTitle "GM"]
[BlackTitle "GM"]
[WhiteElo "2709"]
[BlackElo "2864"]
[WhiteFideId "12401137"]
[BlackFideId "1503014"]
[EventDate "2022.04.22"]

1. d4 e6 2. c4 c5 3. d5 exd5 4. cxd5 d6 5. e4 g6 6. Nc3 Bg7 7. Bd3 a6 8. a4 Nf6
9. h3 Nbd7 10. Nf3 Nh5 11. g4 Nhf6 12. Bf4 Qe7 13. O-O h5 14. g5 Nh7 15. Kh2 O-O
16. Rg1 f6 17. Nh4 Ne5 18. Bxe5 fxe5 19. Nxg6 Rxf2+ 20. Kg3 Qf7 21. Qxh5 Rf4 22.
Be2 Nf8 23. Nxf4 exf4+ 24. Kh2 Ng6 25. Raf1 b5 26. Bg4 Bxg4 27. Qxg4 b4 28. Nd1
Re8 29. Qf5 Bd4 30. Rg4 c4 31. h4 Qh7 32. Kh3 Be5 33. Rf2 Rf8 34. Qe6+ Kg7 35.
Rc2 c3 36. bxc3 b3 37. Rb2 Kh8 38. Rxb3 f3 39. Nf2 Bf4 40. c4 Bxg5 41. Qxd6 Rg8
42. Rb8 1-0

[Event "Oslo Esports Cup 2022"]
[Site "Oslo NOR"]
[Date "2022.04.23"]
[Round "2.4"]
[White "Giri, Anish"]
[Black "Duda, Jan-Krzysztof"]
[Result "1/2-1/2"]
[WhiteTitle "GM"]
[BlackTitle "GM"]
[WhiteElo "2773"]
[BlackElo "2750"]
[WhiteFideId "24116068"]
[BlackFideId "1170546"]
[EventDate "2022.04.22"]

1. d4 Nf6 2. c4 g6 3. Nc3 d5 4. cxd5 Nxd5 5. e4 Nxc3 6. bxc3 Bg7 7. Be3 c5 8.
Rc1 O-O 9. Nf3 Qa5 10. Qd2 cxd4 11. cxd4 Qxd2+ 12. Nxd2 e6 13. Bb5 a6 14. Ba4 b5
15. Bb3 a5 16. a4 Bd7 17. axb5 Bxb5 18. Bc4 Bxc4 19. Rxc4 Nd7 20. Ke2 Rfc8 21.
Ra4 Nb6 22. Ra2 Nc4 23. Rha1 Nxd2 24. Kxd2 Rd8 25. Rxa5 Rxa5 26. Rxa5 Bxd4 27.
Bxd4 Rxd4+ 28. Ke3 Rd8 29. h4 h5 30. g3 Kg7 31. Rb5 Rd7 32. Ra5 Rd8 33. Rb5 Rd7
34. Ra5 Rd8 1/2-1/2

[Event "Oslo Esports Cup 2022"]
[Site "Oslo NOR"]
[Date "2022.04.23"]
[Round "2.4"]
[White "Van Foreest, Jorden"]
[Black "Hansen, Eric"]
[Result "1/2-1/2"]
[WhiteTitle "GM"]
[BlackTitle "GM"]
[WhiteElo "2714"]
[BlackElo "2606"]
[WhiteFideId "1039784"]
[BlackFideId "2606771"]
[EventDate "2022.04.22"]

1. e4 c5 2. c3 Nf6 3. e5 Nd5 4. Nf3 e6 5. d4 cxd4 6. cxd4 b6 7. Nc3 Nxc3 8. bxc3
Qc7 9. Bb5 Bb7 10. O-O Be7 11. Bf4 O-O 12. Rc1 d6 13. Re1 Nd7 14. Qe2 dxe5 15.
Nxe5 Nxe5 16. Bxe5 Bd6 17. Bxd6 Qxd6 18. Ba6 Bc6 19. Qe5 Rfd8 20. Qxd6 Rxd6 21.
Bc4 Rc8 22. Bb3 g5 23. Re5 h6 24. f3 Bd7 25. Ree1 b5 26. Kf2 a5 27. Ke3 Kg7 28.
a3 f5 29. Kd3 Kf6 30. Rc2 f4 31. Rb2 b4 32. axb4 axb4 33. c4 Be8 34. Rd2 Bg6+
35. Ke2 Bf5 36. g4 fxg3 37. hxg3 h5 38. c5 Ra6 39. Kf2 Ra3 40. Re3 h4 41. g4 Bg6
42. Rxe6+ Kg7 43. Re7+ Kh6 44. Re3 Kg7 45. Re7+ Kh6 46. Re3 Kg7 47. Re7+ 1/2-1/2

[Event "Oslo Esports Cup 2022"]
[Site "Oslo NOR"]
[Date "2022.04.23"]
[Round "2.5"]
[White "Duda, Jan-Krzysztof"]
[Black "Giri, Anish"]
[Result "1-0"]
[WhiteTitle "GM"]
[BlackTitle "GM"]
[WhiteElo "2750"]
[BlackElo "2773"]
[WhiteFideId "1170546"]
[BlackFideId "24116068"]
[EventDate "2022.04.22"]

1. d4 Nf6 2. Nf3 g6 3. Bf4 Bg7 4. e3 O-O 5. Be2 d6 6. h3 Nc6 7. O-O Ne4 8. Bh2
e5 9. c3 a5 10. Qc2 Ng5 11. Nbd2 f5 12. dxe5 dxe5 13. Rad1 Kh8 14. Bb5 Na7 15.
Bc4 Nxf3+ 16. Nxf3 Qe7 17. a4 e4 18. Nd4 Be5 19. Bxe5+ Qxe5 20. Qb3 b6 21. Rd2
Bd7 22. Rfd1 Rae8 23. Ne2 Bc8 24. Bf7 Re7 25. Rd8 Rxd8 26. Rxd8+ Kg7 27. Rg8+
Kh6 28. Nf4 Qf6 29. Bxg6 hxg6 30. Rxg6+ Qxg6 31. Nxg6 Kxg6 32. Qg8+ Kf6 33. h4
Be6 34. Qg5+ Kf7 35. h5 Kf8 36. h6 Bg8 37. Qxf5+ Ke8 38. g4 Bh7 39. Qf6 Rf7 40.
Qh8+ Kd7 41. Qd4+ Ke8 42. Qe5+ Kd7 43. Qd5+ Ke7 44. Qb7 Kf6 45. Qxa7 Kg5 46. Qa8
Kxg4 47. Qe8 Rf6 48. Qd7+ Bf5 49. Qxc7 Kf3 50. Kf1 Bh3+ 51. Ke1 1-0

[Event "Oslo Esports Cup 2022"]
[Site "Oslo NOR"]
[Date "2022.04.23"]
[Round "2.6"]
[White "Giri, Anish"]
[Black "Duda, Jan-Krzysztof"]
[Result "0-1"]
[WhiteTitle "GM"]
[BlackTitle "GM"]
[WhiteElo "2773"]
[BlackElo "2750"]
[WhiteFideId "24116068"]
[BlackFideId "1170546"]
[EventDate "2022.04.22"]

1. Nf3 Nf6 2. c4 e6 3. g3 d5 4. Bg2 dxc4 5. Qa4+ Nbd7 6. Qxc4 a6 7. Qc2 c5 8.
Nc3 Qc7 9. d4 b6 10. Bf4 Bd6 11. Bxd6 Qxd6 12. Ne4 Nxe4 13. Qxe4 Ra7 14. dxc5
Nxc5 15. Qe5 Qxe5 16. Nxe5 Bb7 17. Bxb7 Rxb7 18. O-O-O Nd7 19. Nd3 Ke7 20. Kb1
Rc8 21. Rd2 Rbc7 22. f3 a5 23. Rhd1 b5 24. g4 Nb6 25. Nf4 Nc4 26. Rd3 a4 27. g5
b4 28. h4 a3 29. bxa3 bxa3 30. Re1 Rc5 31. e4 g6 32. Ne2 Rb5+ 33. Ka1 Rd8 34.
Rc3 Rb4 35. Nc1 Nd2 36. Nd3 Rb5 37. Rxa3 Rdb8 38. Ra7+ Ke8 39. a3 Rb3 40. Nb4
Nxf3 41. Rc1 Kf8 42. Ka2 Re3 43. Rd1 Rxe4 44. Rdd7 Rf4 45. Nc6 Rc8 46. Nd8 Ne5
47. Rd2 Nf3 48. Rd1 Ne5 49. a4 Rf2+ 50. Kb3 Rf3+ 51. Kb4 Rc4+ 52. Kb5 Rb3+ 53.
Ka6 Rxa4# 0-1

[Event "Oslo Esports Cup 2022"]
[Site "Oslo NOR"]
[Date "2022.04.24"]
[Round "3.1"]
[White "Van Foreest, Jorden"]
[Black "Duda, Jan-Krzysztof"]
[Result "0-1"]
[WhiteTitle "GM"]
[BlackTitle "GM"]
[WhiteElo "2714"]
[BlackElo "2750"]
[WhiteFideId "1039784"]
[BlackFideId "1170546"]
[EventDate "2022.04.22"]

1. e4 e5 2. Nf3 Nc6 3. Nc3 Nf6 4. Bb5 Bb4 5. O-O O-O 6. Bxc6 dxc6 7. d3 Nd7 8.
Bg5 f6 9. Be3 Re8 10. a3 Bf8 11. Nd2 Nc5 12. Ne2 Bg4 13. f3 Bh5 14. Qe1 Ne6 15.
Qf2 c5 16. a4 b6 17. b3 Qd7 18. h3 a6 19. Qh4 Bf7 20. f4 exf4 21. Nxf4 Nd4 22.
Bxd4 Qxd4+ 23. Qf2 Qc3 24. Nc4 b5 25. Ne3 c6 26. Kh1 c4 27. Ne2 Qe5 28. Ng4 Qc7
29. bxc4 bxc4 30. Ng3 h5 31. Ne3 cxd3 32. cxd3 Rad8 33. Rad1 Qe5 34. Nef5 c5 35.
Qf3 g6 36. Qe3 gxf5 37. Rxf5 Qd4 38. Qf3 Bg7 39. Rf4 Bg6 40. Nxh5 Bxh5 41. Qxh5
Re5 42. Qg4 c4 43. Rb1 Qxd3 44. Rbf1 Qd7 45. Qg3 Rg5 46. Qf2 Qd2 0-1

[Event "Oslo Esports Cup 2022"]
[Site "Oslo NOR"]
[Date "2022.04.24"]
[Round "3.1"]
[White "Giri, Anish"]
[Black "Carlsen, Magnus"]
[Result "1/2-1/2"]
[WhiteTitle "GM"]
[BlackTitle "GM"]
[WhiteElo "2773"]
[BlackElo "2864"]
[WhiteFideId "24116068"]
[BlackFideId "1503014"]
[EventDate "2022.04.22"]

1. d4 d5 2. c4 e6 3. Nc3 c6 4. e4 dxe4 5. Nxe4 Bb4+ 6. Bd2 Qxd4 7. Bxb4 Qxe4+ 8.
Ne2 Nd7 9. Qd6 Qe5 10. Qd2 Ngf6 11. O-O-O c5 12. Bc3 Ne4 13. Bxe5 Nxd2 14. Bxg7
Rg8 15. Rxd2 Rxg7 16. g3 Ne5 17. b3 Nf3 18. Rd3 Ne5 19. Rd2 Nf3 20. Rd3 Ne5 21.
Rd2 1/2-1/2

[Event "Oslo Esports Cup 2022"]
[Site "Oslo NOR"]
[Date "2022.04.24"]
[Round "3.1"]
[White "Le, Quang Liem"]
[Black "Praggnanandhaa, R"]
[Result "1/2-1/2"]
[WhiteTitle "GM"]
[BlackTitle "GM"]
[WhiteElo "2709"]
[BlackElo "2624"]
[WhiteFideId "12401137"]
[BlackFideId "25059530"]
[EventDate "2022.04.22"]

1. d4 Nf6 2. c4 e6 3. Nf3 d5 4. g3 dxc4 5. Bg2 Nbd7 6. O-O c6 7. a4 a5 8. Qc2 b5
9. Bg5 Qb6 10. Nc3 Bb7 11. Rfd1 h6 12. Bxf6 Nxf6 13. Ne5 Be7 14. b3 cxb3 15.
Qxb3 b4 16. Ne4 Rd8 17. Rac1 Nxe4 18. Bxe4 O-O 19. Bxc6 Bf6 20. Nd7 Rxd7 21.
Bxd7 Bxd4 22. e3 Bd5 23. Qd3 Bb2 24. Rb1 Bf6 25. Bb5 Qb7 26. Rbc1 b3 27. e4 Bxe4
28. Qxb3 Bh1 29. Kf1 Qg2+ 30. Ke2 Qe4+ 31. Kf1 Qg2+ 32. Ke2 Qe4+ 33. Kf1 Qg2+ 1/2-1/2

[Event "Oslo Esports Cup 2022"]
[Site "Oslo NOR"]
[Date "2022.04.24"]
[Round "3.1"]
[White "Mamedyarov, Shakhriyar"]
[Black "Hansen, Eric"]
[Result "0-1"]
[WhiteTitle "GM"]
[BlackTitle "GM"]
[WhiteElo "2771"]
[BlackElo "2606"]
[WhiteFideId "13401319"]
[BlackFideId "2606771"]
[EventDate "2022.04.22"]

1. d4 Nf6 2. c4 g6 3. Nf3 Bg7 4. e3 O-O 5. Be2 c5 6. dxc5 Na6 7. Nc3 Nxc5 8. O-O
d6 9. Nd4 Bd7 10. b3 Rc8 11. Bb2 a6 12. h3 Qc7 13. Rc1 Qb8 14. b4 Ne6 15. Nb3 b5
16. cxb5 axb5 17. Qd3 Nc7 18. a3 Rfd8 19. Rfd1 d5 20. Nc5 Bc6 21. Nb3 e5 22. Bf1
Nfe8 23. Na5 Ba8 24. Nb1 Nd6 25. Nd2 Nc4 26. Qb1 Ne6 27. Naxc4 bxc4 28. e4 dxe4
29. Nxc4 Nd4 30. Ne3 f5 31. Rxc8 Qxc8 32. Nc4 Qe6 33. Na5 Bd5 34. b5 Ra8 35. Bc3
f4 36. Re1 Rc8 37. b6 Rxc3 38. b7 Bxb7 39. Qxb7 e3 40. fxe3 fxe3 41. Rxe3 Rc1
42. Qb2 Qc8 43. Nb3 Rc2 44. Qb1 Nf5 45. Rd3 e4 46. Rd5 Bh6 47. Rxf5 gxf5 48. Qd1
Kh8 49. Kh1 Rc3 50. a4 Qb8 51. Bb5 Bg7 52. Nc1 h6 53. Ne2 Ra3 54. Qd7 Ra1+ 55.
Ng1 Qe5 56. Qc8+ Kh7 57. Bc4 h5 58. h4 Qf6 59. g3 Qe5 60. Kg2 f4 61. gxf4 Qxf4
62. Qg8+ Kh6 63. Be2 Ra3 64. Qe6+ Bf6 0-1

[Event "Oslo Esports Cup 2022"]
[Site "Oslo NOR"]
[Date "2022.04.24"]
[Round "3.2"]
[White "Hansen, Eric"]
[Black "Mamedyarov, Shakhriyar"]
[Result "0-1"]
[WhiteTitle "GM"]
[BlackTitle "GM"]
[WhiteElo "2606"]
[BlackElo "2771"]
[WhiteFideId "2606771"]
[BlackFideId "13401319"]
[EventDate "2022.04.22"]

1. e4 e5 2. Nf3 Nc6 3. Bb5 g6 4. d4 exd4 5. Bg5 Be7 6. Bxe7 Qxe7 7. Bxc6 dxc6 8.
Qxd4 Nf6 9. Nc3 Bg4 10. Nd2 c5 11. Qe3 O-O-O 12. h3 Be6 13. O-O-O b6 14. Rhe1
Kb8 15. f4 Bc8 16. e5 Nd5 17. Nxd5 Rxd5 18. Ne4 Bb7 19. Rxd5 Bxd5 20. g4 Bxe4
21. Qxe4 Rd8 22. Rd1 Rxd1+ 23. Kxd1 Qh4 24. Qf3 Qd8+ 25. Ke2 Qd4 26. b3 c4 27.
c3 Qg1 28. bxc4 Qb1 29. Qd3 Qxa2+ 30. Kf3 Kc8 31. f5 Qh2 32. Ke4 g5 33. Qe3 Qh1+
34. Kd3 Qd1+ 35. Ke4 Qb1+ 36. Kf3 Qf1+ 37. Kg3 Qxc4 38. Qxg5 Qxc3+ 39. Kg2 Qxe5
40. Qg8+ Kb7 41. Qxf7 a5 42. f6 a4 43. Qe7 Qd5+ 44. Kf2 a3 45. Qxa3 Qd4+ 46. Qe3
Qxf6+ 47. Kg3 Qd6+ 48. Kh4 Qd5 49. Qe7 Qd3 50. Qe5 c5 51. Qf5 Qxf5 52. gxf5 Kc6
53. Kg5 c4 54. f6 c3 55. f7 c2 56. f8=Q c1=Q+ 57. Kg4 Qc4+ 58. Kg3 Qc3+ 59. Kg4
Qd4+ 60. Kf3 Qd5+ 61. Ke2 Qe5+ 62. Kd1 Qd6+ 0-1

[Event "Oslo Esports Cup 2022"]
[Site "Oslo NOR"]
[Date "2022.04.24"]
[Round "3.2"]
[White "Praggnanandhaa, R"]
[Black "Le, Quang Liem"]
[Result "1-0"]
[WhiteTitle "GM"]
[BlackTitle "GM"]
[WhiteElo "2624"]
[BlackElo "2709"]
[WhiteFideId "25059530"]
[BlackFideId "12401137"]
[EventDate "2022.04.22"]

1. d4 Nf6 2. c4 e6 3. Nf3 d5 4. Nc3 Bb4 5. Qa4+ Nc6 6. e3 O-O 7. Qc2 Re8 8. Bd2
Bf8 9. Be2 b6 10. cxd5 exd5 11. O-O Bb7 12. a3 Ne7 13. Bb5 c6 14. Bd3 Ng6 15. b4
a5 16. Rab1 axb4 17. axb4 b5 18. Rfe1 Ra3 19. e4 dxe4 20. Nxe4 Nd5 21. Nfg5 Be7
22. h4 Bc8 23. Ng3 Bd7 24. Nf5 Bxg5 25. Bxg5 f6 26. Bd2 Ngf4 27. Bf1 Ne6 28. h5
Qb6 29. Qe4 Raa8 30. Qg4 Ng5 31. Bxg5 Bxf5 32. Qxf5 fxg5 33. Bd3 Nf6 34. h6 Qxd4
35. Qxg5 Qg4 36. Qc5 Qf4 37. Qxc6 Qxh6 38. Rxe8+ Rxe8 39. Bxb5 Kh8 40. Qd6 Rc8
41. Bc6 Qg6 42. Rd1 h6 43. b5 Qc2 44. Qd3 Rxc6 45. bxc6 Qxc6 46. Qf5 Kg8 47. g3
Qe4 48. Rd8+ Kf7 49. Qxe4 Nxe4 50. Rd7+ Kg6 51. Kg2 Ng5 52. Ra7 Ne6 53. Kf3 Kf6
54. Kg4 g6 55. Ra6 h5+ 56. Kh4 Kf5 57. f3 Kf6 58. Kh3 Kf7 59. Kg2 Nd4 60. Kf2
Nf5 61. Rb6 Ne7 62. Rb7 Kf6 63. Rb6+ Kf7 64. Rd6 Nf5 65. Ra6 Kg7 66. Kg2 Nd4 67.
Ra4 Nf5 68. Kh3 Kf6 69. Ra6+ Kg5 70. Rb6 Nd4 71. Kg2 Nf5 72. Rb5 Kf6 73. Ra5 Nd4
74. Ra6+ Kg5 75. Rd6 Nf5 76. Rd5 Kf6 77. Kh3 Nh6 78. Rd6+ Kg5 79. f4+ Kf5 80.
Ra6 Ng4 81. Kh4 Ne3 82. Ra3 Ng4 83. Ra5+ Kf6 84. Ra6+ Kf5 85. Kh3 Ne3 86. Ra3
Ng4 87. Kg2 Kf6 88. Ra6+ Kf7 89. Kh3 Nh6 90. Kh4 Kg7 91. Rb6 Nf7 92. f5 gxf5 93.
Kxh5 1-0

[Event "Oslo Esports Cup 2022"]
[Site "Oslo NOR"]
[Date "2022.04.24"]
[Round "3.2"]
[White "Carlsen, Magnus"]
[Black "Giri, Anish"]
[Result "1-0"]
[WhiteTitle "GM"]
[BlackTitle "GM"]
[WhiteElo "2864"]
[BlackElo "2773"]
[WhiteFideId "1503014"]
[BlackFideId "24116068"]
[EventDate "2022.04.22"]

1. c4 Nf6 2. Nc3 e5 3. Nf3 Nc6 4. g3 d5 5. cxd5 Nxd5 6. Bg2 Bc5 7. O-O O-O 8. d3
h6 9. Nxd5 Qxd5 10. Bd2 Rd8 11. Bc3 Qe6 12. Qc2 Qe7 13. Rac1 Bb6 14. a3 Nd4 15.
Nxd4 exd4 16. Bb4 Qe5 17. Bc5 c6 18. b4 Be6 19. Qb2 Qh5 20. Bf3 Bg4 21. Bxg4
Qxg4 22. Rc4 Qe6 23. Re1 Qf6 24. e4 dxe3 25. Qxf6 gxf6 26. Rxe3 Re8 27. Kf1 Rad8
28. Ke2 f5 29. Rf4 Rxe3+ 30. fxe3 Rd5 31. Rc4 Kg7 32. a4 Kf6 33. d4 h5 34. Kf3
Bxc5 35. bxc5 Rd7 36. Rb4 Kg6 37. a5 a6 38. Kf4 f6 39. Kf3 Kg5 40. Rb2 Re7 41.
Rb1 Kg6 42. Ke2 Kg5 43. Kd3 Kg6 44. d5 cxd5 45. Kd4 Rd7 46. Rb6 Kg5 47. c6 bxc6
48. Rxa6 Re7 49. Rxc6 Re4+ 50. Kc5 Rxe3 51. a6 Ra3 52. Kb6 d4 53. a7 d3 54. Rc3
Rxc3 55. a8=Q d2 56. Qg8+ Kh6 57. Qd8 Rb3+ 58. Kc5 Rc3+ 59. Kb4 Rc6 60. Qxd2+
Kg6 61. Qd8 Rc2 62. Qg8+ Kh6 63. Qf7 Rxh2 64. Qxf6+ Kh7 65. Qxf5+ Kh6 66. g4 1-0

[Event "Oslo Esports Cup 2022"]
[Site "Oslo NOR"]
[Date "2022.04.24"]
[Round "3.2"]
[White "Duda, Jan-Krzysztof"]
[Black "Van Foreest, Jorden"]
[Result "1/2-1/2"]
[WhiteTitle "GM"]
[BlackTitle "GM"]
[WhiteElo "2750"]
[BlackElo "2714"]
[WhiteFideId "1170546"]
[BlackFideId "1039784"]
[EventDate "2022.04.22"]

1. d4 d5 2. c4 c6 3. Nf3 Nf6 4. e3 Bf5 5. Nc3 e6 6. Nh4 Be4 7. f3 Bg6 8. Nxg6
hxg6 9. g3 Nbd7 10. Kf2 Bd6 11. Kg2 O-O 12. Qb3 Rb8 13. cxd5 exd5 14. Bd2 Re8
15. Rd1 b5 16. Bc1 g5 17. g4 Nf8 18. Bd3 Ne6 19. Bb1 g6 20. h4 Qd7 21. Qc2 Kg7
22. h5 gxh5 23. gxh5 Rh8 24. h6+ Rxh6 25. Rxh6 Kxh6 26. e4 dxe4 27. Nxe4 Kg7 28.
Nxf6 Kxf6 29. Qf5+ Ke7 30. Bxg5+ Nxg5 31. Qxg5+ f6 32. Re1+ Kd8 33. Qxf6+ Kc7
34. Bf5 Rg8+ 35. Kf1 Qd8 36. Qxd8+ Rxd8 37. Re6 Bf4 38. Be4 Rd6 39. Rxd6 Kxd6
40. Ke2 c5 41. dxc5+ Kxc5 42. Kd3 b4 43. Bb7 a5 44. b3 Kd6 45. Kc4 Bg5 46. Kb5
Bd8 47. Ka4 Kc5 48. a3 bxa3 49. Kxa3 Bg5 50. Ka4 Bd2 51. f4 Bxf4 52. Kxa5 Bd2+
53. b4+ Bxb4+ 54. Ka4 Ba5 55. Kxa5 1/2-1/2

[Event "Oslo Esports Cup 2022"]
[Site "Oslo NOR"]
[Date "2022.04.24"]
[Round "3.3"]
[White "Mamedyarov, Shakhriyar"]
[Black "Hansen, Eric"]
[Result "1/2-1/2"]
[WhiteTitle "GM"]
[BlackTitle "GM"]
[WhiteElo "2771"]
[BlackElo "2606"]
[WhiteFideId "13401319"]
[BlackFideId "2606771"]
[EventDate "2022.04.22"]

1. d4 Nf6 2. c4 g6 3. Nf3 Bg7 4. e3 O-O 5. Be2 c5 6. dxc5 Na6 7. O-O Nxc5 8. b4
Nce4 9. Bb2 a5 10. a3 axb4 11. axb4 Rxa1 12. Bxa1 Qb6 13. Qb3 d6 14. Nc3 Bd7 15.
Nxe4 Nxe4 16. Bxg7 Kxg7 17. Ra1 Rc8 18. h3 Kg8 19. Qb2 Be6 20. Nd4 Bd7 21. Qa3
e5 22. Nb3 Be6 23. Rc1 Kg7 24. Bd3 Nf6 25. c5 Qd8 26. Na5 Bd5 27. Nc4 Bxc4 28.
Rxc4 Ra8 29. Qb2 dxc5 30. Be2 cxb4 31. Rxb4 Qd6 32. Rxb7 Re8 1/2-1/2

[Event "Oslo Esports Cup 2022"]
[Site "Oslo NOR"]
[Date "2022.04.24"]
[Round "3.3"]
[White "Le, Quang Liem"]
[Black "Praggnanandhaa, R"]
[Result "0-1"]
[WhiteTitle "GM"]
[BlackTitle "GM"]
[WhiteElo "2709"]
[BlackElo "2624"]
[WhiteFideId "12401137"]
[BlackFideId "25059530"]
[EventDate "2022.04.22"]

1. c4 e5 2. g3 Nf6 3. Bg2 Bc5 4. Nc3 c6 5. Nf3 e4 6. Nh4 d5 7. O-O h6 8. d4 Bb6
9. f3 dxc4 10. e3 exf3 11. Qxf3 O-O 12. Bd2 Bg4 13. Qf2 Be6 14. Nf5 Nbd7 15. h3
Qc7 16. g4 Rad8 17. Rad1 Bxf5 18. Qxf5 c5 19. Nb5 Qb8 20. Kh1 a6 21. Na3 cxd4
22. exd4 Bxd4 23. Bb4 Ne5 24. Bxf8 Kxf8 25. b3 b5 26. bxc4 bxc4 27. Nc2 Nd3 28.
Nxd4 Rxd4 29. Rb1 Qd8 30. Rb7 Rd7 31. Rxd7 Qxd7 32. Qa5 Qd6 33. Qa4 Ne5 34. Rd1
Nd3 35. Rf1 Ne5 36. Rb1 Kg8 37. Qb4 Qd3 38. Qe1 Qd4 39. Qg1 Qf4 40. Rf1 Qg3 41.
Qf2 Qc3 42. Qa7 Nd3 43. Qxa6 Qd4 44. a4 Nf2+ 45. Kh2 Nd1 46. Qc8+ Kh7 47. Qf5+
Kg8 48. Qf4 Qd3 49. Re1 c3 50. Re7 c2 51. Rc7 Ne3 52. Rc8+ Kh7 53. a5 Qd2 54.
Rxc2 Nexg4+ 0-1

[Event "Oslo Esports Cup 2022"]
[Site "Oslo NOR"]
[Date "2022.04.24"]
[Round "3.3"]
[White "Van Foreest, Jorden"]
[Black "Duda, Jan-Krzysztof"]
[Result "0-1"]
[WhiteTitle "GM"]
[BlackTitle "GM"]
[WhiteElo "2714"]
[BlackElo "2750"]
[WhiteFideId "1039784"]
[BlackFideId "1170546"]
[EventDate "2022.04.22"]

1. e4 e5 2. Nf3 Nc6 3. Bc4 Bc5 4. d3 Nf6 5. O-O h6 6. c3 d6 7. b4 Bb6 8. Nbd2
O-O 9. Re1 Ne7 10. d4 Ng6 11. Bf1 Re8 12. Qc2 c6 13. dxe5 Ng4 14. Re2 Nf4 15.
Nc4 Nxe2+ 16. Qxe2 Bxf2+ 17. Kh1 Bb6 18. h3 Nxe5 19. Nfxe5 dxe5 20. a4 Be6 21.
a5 Bc7 22. Be3 Qh4 23. Bg1 b5 24. Nd2 a6 25. Nf3 Qf6 26. Qe3 Bb8 27. Bh2 Ba7 28.
Qe1 Bxh3 29. Nxe5 Bc8 30. Nf3 Bg4 31. e5 Qg6 32. Qg3 Rad8 33. Re1 Bf5 34. Qf4
Qg4 35. Qc1 Bf2 0-1